عرض عادي
عرض مارك
- Dong, Guozhu,
مدخل إسم شخص
001 - رقم الضبط
- حقل الضبط: 36350
003 - معرف رقم الضبط
- حقل الضبط: OSt
005 - تاريخ ووقت أخر عملية
- حقل الضبط: 20130803135816.0
008 - عناصر بيانات ثابتة الطول
- حقل تحكم ثابت الطول: 130803|||a|||||| | ||| d
040 ## - مصدر الفهرسة
- هيئة الفهرسة الأصلية: OSt
- وكالة الكتابة: OSt
100 ## - مدخل -- أسم شخص
- إسم شخص: Dong, Guozhu,
- تواريخ مرتبطة بالاسم: 1957-
670 ## - بيانات المصدر موجوده
- الاستشهاد بالمصدر: Work cat.: (OSt)0: Contrast data mining, 2013.
